| 000 | 01443cad a22002415a 4500 | ||
|---|---|---|---|
| 001 | L142310 | ||
| 008 | 080204s2007 xxk f 000 0 eng d | ||
| 035 | _a(Sirsi) u142310 | ||
| 041 | 0 | _aeng | |
| 050 | 0 | 4 | _a338.4569 $2 18 |
| 110 | 2 |
_aFederation of Master Builders _9465 |
|
| 245 | 0 | 0 |
_aFMB state of trade survey _bfirst quarter of 2007 _bkey findings _h[electronic resource] |
| 260 |
_a[S.l.] _bFMB _c2007 |
||
| 490 | 0 |
_aFMB State of Trade Survey _vFirst Quarter 2007 |
|
| 520 | _aReveals the start of a recovery in workload for small and medium sized firms, with stronger results in the first quarter of 2007 compared to those in 2006. However, the results are still not in line with recent years and there was a small drop in the proportion of firms reporting problems with the availability of skilled labour, suggesting that builders and contractors are not expecting a marked increase in workload. The results for new build and repair, maintenance and improvement of private housing were stronger than those for new build and refurbishment of non-residential buildings for public sector clients. | ||
| 521 | 2 | _aAdvanced | |
| 590 | _aKA | ||
| 650 | 2 | 4 | _aFEDERATION OF MASTER BUILDERS STATE OF TRADE SURVEY |
| 651 | 4 |
_aUnited Kingdom _y |
|
| 690 | _aBUILT ENVIRONMENT-CONSTRUCTION MARKET | ||
| 856 | 4 | 0 |
_uhttps://www.fmb.org.uk/publications/sotsurvey/index_2007.asp _zView the item free of charge at www.fmb.org.uk... |
| 942 | _n0 | ||
| 999 |
_c107865 _d107865 |
||